[Event "Titled Tue 29th Oct Early"]
[Site "chess.com INT"]
[Date "2024.10.29"]
[Round "5"]
[White "Tari, A.."]
[Black "Ahmad, Khagan"]
[Result "1-0"]
[WhiteElo "2628"]
[BlackElo "2406"]
[PlyCount "201"]
[EventDate "2024.10.29"]

1. e4 c5 2. Nc3 Nc6 3. f4 e6 4. Nf3 d5 5. Bb5 dxe4 6. Nxe4 Bd7 7. O-O a6 8. Bxc6 Bxc6 9. Qe2 Be7 10. d3 Nf6 11. c3 O-O 12. Ne5 Rc8 13. Ng5 $146 ({RR} 13. Re1 Bb5 14. c4 Be8 15. Be3 Nxe4 16. dxe4 Qc7 17. Rad1 f6 18. Nd3 e5 19. f5 Bf7 20. b3 Rfd8 21. Rd2 b5 22. Rc1 bxc4 23. bxc4 Qa5 24. Rcc2 Rb8 25. Nc1 Rb1 26. Kf2 Be8 27. Nb3 Qc7 {Seletsky,G (2272)-Ptacnikova,L (2109) Chess.com INT 2021 1-0 (36)}) ({RR} 13. Re1 Bb5 14. c4 Be8 15. Be3 Nxe4 16. dxe4 Qc7 17. Rad1 f6 18. Nd3 e5 19. f5 Bf7 20. b3 Rfd8 21. Rd2 b5 22. Rc1 bxc4 23. bxc4 Qa5 24. Rcc2 Rb8 25. Nc1 Rb1 26. Kf2 Be8 27. Nb3 Qc7 {Seletsky,G (2272)-Ptacnikova,L (2109) Chess.com INT 2021 1-0 (36)}) 13... h6 14. Ngf3 Nd7 15. Nxc6 Rxc6 16. Be3 Bf6 17. d4 Rc8 18. Rad1 Qc7 19. d5 exd5 20. Rxd5 Rfe8 21. Qf2 b6 22. Rfd1 Nf8 23. Ne5 Bxe5 24. fxe5 Rcd8 25. a4 Rxd5 26. Rxd5 Rd8 27. Qd2 Ne6 28. Rd6 Rxd6 29. exd6 Qd7 30. b3 Nd8 31. a5 bxa5 32. Bxc5 Qb5 33. Qd5 a4 34. bxa4 Qb1+ 35. Kf2 Qc2+ 36. Kf1 Qc1+ 37. Ke2 Qxc3 38. d7 Qc2+ 39. Kf1 Qc1+ 40. Kf2 Qc2+ 41. Kf3 Qc3+ 42. Be3 Qf6+ 43. Ke2 Qb2+ 44. Kf1 Qb1+ 45. Kf2 Qc2+ 46. Kg3 Qg6+ 47. Kf3 Qf6+ 48. Ke2 Qb2+ 49. Qd2 Qb3 50. a5 Qb5+ 51. Kf2 f6 52. Bb6 Qf5+ 53. Ke1 Qb1+ 54. Qd1 Qe4+ 55. Kf1 Nc6 56. d8=Q+ Nxd8 57. Qxd8+ Kh7 58. Qd2 Qb1+ 59. Kf2 Qf5+ 60. Ke2 Qe4+ 61. Kf2 Qf5+ 62. Ke3 Qe5+ 63. Kd3 Qd5+ 64. Kc3 Qc6+ 65. Kb2 Qb5+ 66. Kc1 Qf1+ 67. Qd1 Qb5 68. Qc2+ Kh8 69. g3 h5 70. Qc8+ Kh7 71. Qc2+ Kh8 72. Kd2 Qd5+ 73. Ke3 Qg5+ 74. Kd4 Qg4+ 75. Kd5 Qd7+ 76. Kc4 Qc6+ 77. Kb3 Qf3+ 78. Ka2 Qd5+ 79. Kb2 Qe5+ 80. Qc3 Qb5+ 81. Ka3 Qf1 82. Qc8+ Kh7 83. Qc2+ f5 84. Qd2 Qa1+ 85. Kb4 Qb1+ 86. Kc5 Qb5+ 87. Kd6 Qe8 88. Kc7 Qe5+ 89. Kb7 Qb5 90. Qg5 Qe2 91. Qxf5+ g6 92. Qf7+ Kh6 93. Qf4+ Kh7 94. Qc7+ Kh6 95. Qc1+ Kh7 96. h4 Qe4+ 97. Kxa6 Qa8+ 98. Kb5 Qd5+ 99. Qc5 Qd3+ 100. Qc4 Qxg3 101. Qc7+ 1-0

[Event "EU-ch 4th"]
[Site "Istanbul"]
[Date "2003.06.08"]
[Round "9"]
[White "Tiviakov, Sergei"]
[Black "Kurnosov, Igor"]
[Result "1-0"]
[WhiteElo "2623"]
[BlackElo "2500"]
[Annotator "Bangiev,Alexander J"]
[PlyCount "91"]
[EventDate "2003.05.30"]
[EventType "swiss"]
[EventRounds "13"]
[EventCountry "TUR"]
[SourceTitle "CBM 096"]
[Source "ChessBase"]
[SourceDate "2003.09.25"]
[SourceVersion "1"]
[SourceVersionDate "2003.09.25"]
[SourceQuality "1"]

1. e4 c5 2. Nc3 e6 3. f4 d5 4. Nf3 dxe4 5. Nxe4 Nd7 6. g3 Ngf6 (6... Be7 7. Bg2 Ngf6 8. Nf2 Rb8 9. b3 Qc7 10. Bb2 b6 11. Qe2 Bb7 12. O-O O-O 13. c4 a6 14. Rae1 {1-0 Sveshnikov,E-Jelen,I/Ljubljana 2002/(27)}) 7. Nxf6+ Nxf6 8. Bg2 Be7 9. b3 (9. O-O O-O 10. b3 Qb6 11. c4 Bd7 12. Ne5 Bc6 13. Nxc6 bxc6 14. Bb2 Nd7 {½-½ Al Sayed,M-Hussien,A/Dubai 1998/(37)}) ({RR} 9. O-O O-O 10. b3 Qc7 11. Bb2 Nd7 12. Ne5 Nxe5 13. Bxe5 Bd6 14. Bb2 Bd7 15. Qg4 f6 16. Rae1 Rae8 17. Qh5 Bc6 18. Bh3 Qf7 19. Qe2 e5 20. fxe5 Bxe5 21. Bxe5 Qd5 22. Bg2 Qxg2+ 23. Qxg2 Bxg2 {Korkmaz,N (2059)-Watanabe,A (2284) chess.com INT 2025 0-1 (66)}) 9... O-O 10. Bb2 Bd7 $146 (10... Qc7 11. O-O b6 12. f5 exf5 13. Nh4 Rb8 14. Nxf5 Bxf5 15. Rxf5 Rbd8 16. d3 Ne8 17. Qg4 Qd7 18. Raf1 Bf6 {½-½ Tiviakov,S-Cherniaev,A/Catalan Bay 2003/(23)}) ({RR} 10... Qc7 11. O-O b6 12. f5 exf5 13. Nh4 Rb8 14. Nxf5 Bxf5 15. Rxf5 Rbd8 16. d3 Ne8 17. Qg4 Qd7 18. Raf1 Bf6 19. Bc6 Qe6 20. Bxe8 Bxb2 21. Bb5 g6 22. Bc4 Bd4+ 23. Kg2 {½-½ (23) Tiviakov,S (2635)-Cherniaev,A (2504) Catalan Bay 2003}) 11. Ne5 {Ein typischer für derartigen Stellungen Zug. Weiß möchte c6 zu verhindern.} (11. O-O Bc6) 11... Qc7 12. Qf3 Rab8 13. O-O {Eine sehr interessante Stellung ist entstanden. Weiß verfügt hier über einen beachtlichen Raumvorteil und eine aktive Figurenaufstellung. Die schwarze Stellung ist aber sehr stabil, schwächenfrei, sogar hat er die aktiven Chancen im Zentrum, auf der d-Linie. Weiß soll bestrebt sein, seine Initiative am Königsflügel zu entwickeln, Schwarz - im Zentrum und am Damenflügel.} Bb5 (13... b5 $5 14. Rae1 c4 $13) 14. c4 Ba6 {Eine verdächtige Idee: Die Entfernung des Läufer vom Königsflügel soll die weißen Felder dort schwächen.} 15. f5 $5 {[%mdl 32] Weiß versucht gerade diesen Umstand ausnutzen, nämlich die weißen Felder am Königsflügel zu schwächen. Dies stellt hier und im weiteren das Hauptmotiv der weißen Strategie dar.} exf5 16. Qxf5 Rbd8 17. Rf2 (17. d3 {Warum nicht 17.d3?! In derartigen Positionen kann das Feld durch eine weiße Figur besetz sein, z.B. durch d3. Weiß versucht möglich lange dieses Feld frei zu halten.}) 17... Rd6 18. g4 {Mit der Idee g5 gefolgt von d5 mit dem Druck auf die weißen Felder} h6 19. h4 b6 {c8} 20. Raf1 (20. g5 hxg5 21. hxg5 Bc8 $1) 20... Bc8 21. Qf4 Be6 {Der weißfeldrige Läufer ist wieder da. Eine gute Alternative wäre die Verdoppellung auf der e-Linie.} 22. g5 {Weiß hält trotzdem an seiner Idee fest.} hxg5 23. hxg5 Nh7 24. Nf3 Qd8 25. Qe5 f6 26. Qe4 {Die letzten Züge waren zwangläufig.} Re8 27. Bc3 $1 {Der Bauer d2 stützt den Läufer c3! Noch ein vorteilhaftes Motiv, bzw. ein Grund für Weiß den d-Bauern auf d2 zu halten. Dadurch bleibt die d-Linie für Schwarz geschlossen.} Qd7 28. g6 Nf8 29. Nh4 Bd8 30. Re2 Re7 31. Qf3 Rd3 32. Qh5 $1 Bc7 33. Nf5 $1 {Es ist dem Weißen eine aussichtreiche Figurenumgruppierung gelungen.} Bxf5 34. Rxe7 Qxe7 35. Qxf5 {Nun sind die weißen Felder im Lager des Schwarzen schutzlos. d5} Rg3 (35... Qd6 36. Be5 $1 (36. Bd5+ Rxd5 37. Qxd5+ Qxd5 38. cxd5 $14) 36... Qxe5 37. Qxd3 Qh2+ 38. Kf2 $16) 36. Kf2 Nd7 $2 (36... Rxg2+ $8) 37. Qd5+ Kf8 38. Rh1 Rxg2+ 39. Qxg2 Qe6 40. Qd5 Qxd5 41. cxd5 Bf4 42. Kf3 Bg5 43. Ke4 Ke7 44. Rh7 Bh6 45. Kf5 b5 46. d6+ 1-0

[Event "Bullet Chess Losers 2024"]
[Site "chess.com INT"]
[Date "2024.06.11"]
[Round "1.9"]
[White "Martinez Alcantara, Jose Eduardo"]
[Black "Fedoseev, Vl3"]
[Result "1-0"]
[WhiteElo "2612"]
[BlackElo "2685"]
[PlyCount "149"]
[EventDate "2024.06.11"]
[EventType "k.o."]

1. e4 c5 2. d4 cxd4 3. c3 dxc3 4. Nxc3 Nc6 5. Nf3 g6 6. Bc4 Bg7 7. O-O Nf6 8. h3 O-O 9. e5 Ne8 10. Re1 ({RR} 10. Qe2 d6 11. e6 f5 12. Rd1 Nc7 13. Ng5 Nd4 14. Rxd4 Bxd4 15. Nf7 Qe8 16. Nb5 Qc6 17. Nxd4 Qc5 18. Be3 Qb4 19. Nh6+ Kg7 20. Nc2 Qa5 21. b4 Qa4 22. Bb3 Qb5 23. Bc4 Qa4 24. Nd4 d5 {Liuba,V (2082)-Hosova,S (1458) Prague 2021 1-0 (36)}) 10... d6 11. exd6 $146 ({RR} 11. Bg5 h6 12. Bh4 g5 13. Bg3 Bf5 14. Qe2 dxe5 15. Nxe5 Nd4 16. Qd1 Nc2 17. Qxd8 Rxd8 18. Nxf7 Rxf7 19. Rxe7 Bg6 20. Bxf7+ Bxf7 21. Rc1 Bg6 22. Rxb7 Bd4 23. Rd1 Nd6 24. Rc7 Nb5 25. Nxb5 Bxf2+ {Tsypin,A (1267)-Tremblay Alix,E Montreal 2015 1-0 (51)}) 11... Nxd6 12. Bb3 Bf5 13. Nh4 e6 14. Be3 Qxh4 15. Qxd6 Rad8 16. Qc5 Bd4 17. Bxd4 Qxd4 18. Qb5 Qb6 19. Qe2 Nd4 20. Qe5 f6 21. Qf4 Nxb3 22. axb3 e5 23. Qa4 a6 24. Re2 Rd4 25. Qa3 Rfd8 26. Rae1 Qd6 27. Qa5 Be6 28. Ne4 Qe7 29. b4 Kg7 30. Nc5 Bf7 31. Qb6 R8d6 32. Qa7 Rxb4 33. Ne4 Rdd4 34. Qb8 Rbc4 35. Ng3 b5 36. Qa8 Qd6 37. Qf3 f5 38. Nf1 e4 39. Qe3 Rd3 40. Qg5 Qf6 41. Qf4 g5 42. Qb8 h6 43. Ne3 Rc5 44. Qa7 Rc6 45. Qb7 Kg6 46. Nxf5 Kxf5 47. Rxe4 Kg6 48. Re7 Re6 49. R7xe6 Bxe6 50. Qxa6 Bc4 51. Qa8 Rd6 52. Qe8+ Bf7 53. Qe3 Kg7 54. Qe4 Re6 55. Qb1 Rxe1+ 56. Qxe1 Qxb2 57. Qe3 b4 58. h4 Qa1+ 59. Kh2 Qc3 60. Qe4 Qc7+ 61. g3 Qc3 62. hxg5 hxg5 63. Qf5 Qf6 64. Qc2 b3 65. Qd2 b2 66. Qc2 Bg6 67. Qc7+ Kh6 68. Qc5 Qf3 69. Qe3 b1=Q 70. Qxf3 Qe4 71. Qg2 Qxg2+ 72. Kxg2 g4 73. Kh2 Be4 74. f3 Bxf3 75. Kg1 1-0

[Event "Golubitskaya Crimean Dridge"]
[Site "Golubitskaya"]
[Date "2018.05.26"]
[Round "3"]
[White "Pilavov, Georgy"]
[Black "Poliakov, Vladimir"]
[Result "1-0"]
[WhiteElo "2611"]
[BlackElo "2401"]
[PlyCount "39"]
[EventDate "2018.05.25"]
[EventType "tourn"]
[EventRounds "9"]
[EventCountry "RUS"]
[EventCategory "2"]
[SourceTitle "CBM 184 Extra"]
[Source "ChessBase"]
[SourceDate "2018.06.28"]
[SourceVersion "1"]
[SourceVersionDate "2018.06.28"]
[SourceQuality "1"]

1. e4 c5 2. d4 cxd4 3. c3 dxc3 4. Nxc3 Nc6 5. Nf3 d6 6. Bc4 e6 7. Qe2 a6 8. O-O Qc7 9. Rd1 Nf6 10. Bf4 Ne5 11. Bxe5 dxe5 12. Rac1 ({RR} 12. Bb5+ axb5 13. Nxb5 Qb6 14. Rac1 Bc5 15. b4 Bxf2+ 16. Qxf2 Qxb5 17. Rc5 Qxb4 18. Nxe5 O-O 19. Rc4 Qb5 20. Qf4 Rxa2 21. Rf1 Ra5 22. Ng4 Qxc4 23. Nxf6+ gxf6 24. Qxf6 Qc5+ 25. Kh1 Qg5 {0-1 (25) Langner,L (2370)-Kobalia,M (2600) Chess.com INT 2021}) 12... Qb8 13. Nb5 Bd7 ({RR} 13... axb5 14. Bxb5+ Bd7 15. Rxd7 Nxd7 16. Bxd7+ Ke7 17. Qb5 b6 18. Nxe5 Qd6 19. h4 f6 20. Rc6 Qd1+ 21. Kh2 fxe5 22. Rxe6+ Kf7 23. Qc4 Qxd7 24. Rxe5+ Kf6 25. Rf5+ Qxf5 26. exf5 Bd6+ 27. f4 Rhe8 28. Qd4+ {Viskelis,D (2144)-Venskutonis,D (1173) Lithuania LTU 2023 1-0 (55)}) 14. Rxd7 $146 ({RR} 14. Qd3 Bc6 15. Nd6+ Bxd6 16. Qxd6 Qxd6 17. Rxd6 Ke7 18. Rdd1 Bxe4 19. Nxe5 Rhd8 20. f3 Bd5 21. a3 Rac8 22. Be2 Nd7 23. Nd3 Nb6 24. Nf4 Bb3 25. Rxd8 Rxc1+ {0-1 (25) Ciuffoletti,P (2106)-Jakubowski,K (2475) Chess.com INT 2022}) ({RR} 14. Qd3 Be7 15. Nc3 O-O 16. Bb3 Bc6 17. Bc2 b5 18. Nd2 Bc5 19. Nb3 Bb6 20. Qd6 Rc8 21. a3 Qb7 22. Qd3 a5 23. Nd2 Bd4 24. Rb1 b4 25. axb4 axb4 26. Re1 Qd7 27. Nd1 Bb5 28. Qb3 Ba4 {Eissing,C-Philipowski,R Hiddenhausen 1997 0-1}) 14... Nxd7 15. Bxe6 fxe6 16. Nc7+ Ke7 17. Qc4 Kd8 18. Ng5 Nc5 19. Ncxe6+ Nxe6 20. Qxe6 1-0

[Event "Oviedo Fischer Blitz"]
[Site "Oviedo"]
[Date "1992.??.??"]
[Round "?"]
[White "Adams, Michael"]
[Black "Nunn, John DM"]
[Result "1-0"]
[WhiteElo "2610"]
[BlackElo "2595"]
[PlyCount "68"]
[EventDate "1992.??.??"]
[EventType "swiss (blitz)"]
[EventRounds "3"]
[EventCountry "ESP"]
[SourceTitle "EXT 1997"]
[Source "ChessBase"]
[SourceDate "1996.11.15"]
[SourceVersion "1"]
[SourceVersionDate "1996.11.15"]
[SourceQuality "1"]

1. e4 c5 2. d4 cxd4 3. c3 dxc3 4. Nxc3 d6 5. Nf3 g6 6. Bc4 Nc6 7. O-O Bg7 8. Qe2 Nf6 9. h3 O-O 10. Rd1 Bd7 ({RR} 10... Nd7 11. Bg5 Kh8 12. Nd5 f6 13. Bf4 Nde5 14. Bb3 Nxf3+ 15. Qxf3 e5 16. Be3 f5 17. exf5 gxf5 18. Qh5 Be6 19. Bg5 Qd7 20. Bh6 Nd4 21. Rd3 Bxh6 22. Qxh6 Bxd5 23. Bxd5 Qg7 24. Qd2 Rac8 25. Rg3 {Khaskelman,E (2180)-Zakharchenko,A (2315) Kiev 1998 1-0}) 11. Bf4 ({RR} 11. Bg5 Rc8 12. Rac1 a6 13. Bb3 h6 14. Bh4 Re8 15. Qd2 g5 16. Bg3 Qa5 17. Qe3 Red8 18. Na4 Nb8 19. Nb6 Rxc1 20. Rxc1 Bc6 21. Nd5 Bxd5 22. exd5 Kf8 23. Qa7 Nbd7 24. Qxb7 Nc5 25. Qc6 Nxb3 {Hng,M (1800)-Tamas,C (1884) Veliko Gradiste 2022 1-0 (51)}) 11... Rc8 12. a3 a6 $146 ({RR} 12... Be6 13. Bxe6 fxe6 14. Be3 Qd7 15. Ng5 Ne5 16. Bxa7 h6 17. Nf3 Nxf3+ 18. Qxf3 b6 19. Bxb6 Nd5 20. Qg3 Nxb6 21. Qxg6 Nc4 22. Rab1 Qa7 23. Qxe6+ Kh7 24. Kh1 Qxf2 25. Rf1 Qxf1+ 26. Rxf1 Rxf1+ 27. Kh2 {Jpsingh-Croberson Playchess.com INT 2006 0-1 (37)}) 13. Rac1 Qb6 14. b4 Be6 15. Nd5 Bxd5 16. exd5 Ne5 17. Nxe5 dxe5 18. Bxe5 Rfd8 19. d6 exd6 20. Bd4 Qc7 21. Qb2 Ne8 22. Be6 Bxd4 23. Rxc7 Bxb2 24. Rxc8 Rxc8 25. Bxc8 Bxa3 26. Rb1 b6 27. Bxa6 Kf8 28. Kf1 Ke7 29. Ke2 Nc7 30. Bb7 Nb5 31. Kd3 d5 32. Bxd5 Nc7 33. Bf3 Na6 34. Kc4 Kf6 1-0

[Event "Titled Tuesday intern op1 4th Febr"]
[Site "Chess.com INT"]
[Date "2020.02.04"]
[Round "4"]
[White "Hansen, Eric"]
[Black "Mosesov, Danylo"]
[Result "1-0"]
[WhiteElo "2606"]
[BlackElo "2379"]
[PlyCount "65"]
[EventDate "2020.02.04"]
[EventType "swiss (blitz)"]
[EventRounds "10"]
[EventCountry "USA"]
[SourceTitle "EXT 2021"]
[Source "ChessBase"]
[SourceDate "2020.10.23"]
[SourceVersion "1"]
[SourceVersionDate "2020.10.23"]
[SourceQuality "1"]

1. e4 c5 2. d4 cxd4 3. c3 dxc3 4. Nxc3 Nc6 5. Nf3 d6 6. Bc4 e6 7. O-O Nf6 8. Qe2 Be7 9. Rd1 e5 10. h3 O-O 11. Bg5 Be6 12. Rac1 ({RR} 12. Bxf6 Bxf6 13. Nb5 Be7 14. Bxe6 fxe6 15. Qd3 Qd7 16. Rd2 a6 17. Nxd6 Rad8 18. Rad1 Qc7 19. Qb3 Bxd6 20. Qxe6+ Kh8 21. Rxd6 Nd4 22. R1xd4 exd4 23. e5 Qc1+ 24. Kh2 Qf4+ 25. Kg1 Rc8 26. Kf1 Rc1+ {Shukh,N (2255)-Kurnosov,I (2556) Saratov 2006 0-1}) 12... Rc8 13. b3 $146 ({RR} 13. Bxf6 Bxf6 14. Nd5 Bxd5 15. Bxd5 Qd7 16. Qd2 Rfd8 17. Bb3 h6 18. Ba4 Qe7 19. a3 Bg5 20. Nxg5 hxg5 21. Bxc6 Rxc6 22. Rc3 Rdc8 23. Rdc1 Kh7 24. Qe3 Rc5 25. R1c2 f6 26. Qf3 Kh6 27. g4 Qe6 {Rasmussen,H (1765)-Larsen,B (1881) Ringsted 1995 0-1 (58)}) ({RR} 13. Nb5 a6 14. Bxf6 Bxc4 15. Qxc4 axb5 16. Bxe7 bxc4 17. Bxd8 Rfxd8 18. Rxc4 Kf8 19. Rd5 Ke7 20. Rb5 Rd7 21. b3 h6 22. Rb6 Ra8 23. a4 Kd8 24. Ne1 Kc7 25. Rb5 Ra6 26. Nc2 Kb8 27. g3 g6 {Glidzhain,G (2184)-Shevchuk,O (2093) chess.com INT 2024 0-1 (44)}) 13... a6 14. Be3 b5 15. Bxe6 fxe6 16. a4 b4 17. Nb1 Nxe4 18. Qxa6 Qd7 19. Rc4 Nf6 20. Rdc1 Nd5 21. Rxc6 Ra8 22. Qc4 Qe8 23. Nbd2 Kh8 24. Kh1 Qg6 25. Qg4 Qd3 26. Qe4 Qxe4 27. Nxe4 Rad8 28. Bg5 Bxg5 29. Nfxg5 Nf4 30. Rxd6 Rc8 31. Rxc8 Rxc8 32. Nxe6 Ne2 33. Rd8+ 1-0

[Event "Titled Tuesday intern op 22nd Dec"]
[Site "Chess.com INT"]
[Date "2020.12.22"]
[Round "9"]
[White "Postny, Evgeny"]
[Black "Diaz Rosas, Julio Cesar"]
[Result "1-0"]
[WhiteElo "2605"]
[BlackElo "2367"]
[PlyCount "77"]
[EventDate "2020.12.22"]
[EventType "swiss (blitz)"]
[EventRounds "11"]
[EventCountry "USA"]
[SourceTitle "CBM 199 Extra"]
[Source "ChessBase"]
[SourceDate "2021.01.31"]
[SourceVersion "1"]
[SourceVersionDate "2021.01.31"]
[SourceQuality "1"]

1. e4 c5 2. d4 cxd4 3. c3 dxc3 4. Nxc3 e6 5. Nf3 a6 6. Bc4 Ne7 7. O-O b6 $146 ({RR} 7... Ng6 8. Be3 Be7 9. Na4 d5 10. Nb6 dxc4 11. Nxa8 Nd7 12. Qc2 O-O 13. Rfd1 b5 14. Bb6 Qe8 15. Nc7 Qd8 16. Na8 Qe8 17. Nc7 Qd8 18. a4 Bb4 19. Nxa6 Qxb6 20. Nxb4 bxa4 21. Qxc4 Nc5 22. Rac1 {Kokkoris,H-Popov,L Tel Aviv 1964 1-0 (34)}) ({RR} 7... Ng6 8. a4 Be7 9. Be3 Nc6 10. Bb3 O-O 11. Nd2 Na5 12. Nc4 Nxc4 13. Bxc4 b6 14. f4 Qc7 15. Bb3 Bb7 16. Kh1 Rac8 17. Qh5 Bc5 18. Bd2 f5 19. Rae1 Ne7 20. Rf3 Rf6 21. Rd3 Kh8 22. Qe2 {Lagerman,R (2356)-Conquest,S (2563) Reykjavik 2000 0-1 (41)}) ({RR} 7... Ng6 8. e5 d6 9. exd6 Bxd6 10. Qe2 O-O 11. Ng5 h6 12. Nf3 Nc6 13. Be3 b5 14. Bd3 Nce5 15. Be4 Rb8 16. Nxe5 Nxe5 17. Rad1 Qe7 18. f4 Nc4 19. Bc1 Bb7 20. Bxb7 Qxb7 21. Ne4 Be7 22. b3 {Mushini,A (2384)-Timerkhanov,A (2308) chess.com INT 2024 0-1 (58)}) 8. Bf4 Ng6 9. Bg3 Be7 10. Qd2 b5 11. Bb3 O-O 12. Rfd1 Bb7 13. a3 Qb6 14. h4 h5 15. Ng5 Nc6 16. Ba2 Rad8 17. Qe2 Bxg5 18. hxg5 h4 19. Bd6 Rfe8 20. Qd2 Nce5 21. Kh1 Rc8 22. Rac1 Nc4 23. Bxc4 Rxc4 24. b3 Rc6 25. b4 Ba8 26. Bc5 Qb8 27. Qxd7 h3 28. g3 Ne5 29. Qd2 Nc4 30. Qf4 e5 31. Qg4 Rg6 32. Nd5 Bxd5 33. Rxd5 Nxa3 34. Rd7 Nc4 35. Qf5 Qa8 36. Kh2 Kh7 37. Rxf7 Ree6 38. Rf8 Nd2 39. Rxa8 1-0

[Event "EU-ch qual Online"]
[Site "Tornelo INT"]
[Date "2020.12.18"]
[Round "11"]
[White "Postny, Evgeny"]
[Black "Rieger, Robert"]
[Result "1-0"]
[WhiteElo "2605"]
[BlackElo "2326"]
[PlyCount "53"]
[EventDate "2020.12.18"]
[EventType "swiss"]
[EventRounds "11"]
[EventCountry "POL"]
[SourceTitle "CBM 199 Extra"]
[Source "ChessBase"]
[SourceDate "2021.01.31"]
[SourceVersion "1"]
[SourceVersionDate "2021.01.31"]
[SourceQuality "1"]

1. e4 c5 2. d4 cxd4 3. c3 dxc3 4. Nxc3 Nc6 5. Nf3 e6 6. Bc4 a6 7. Bf4 Nge7 8. O-O ({RR} 8. a3 Ng6 9. Bg3 Be7 10. Qe2 d6 11. Rd1 O-O 12. e5 d5 13. Bd3 b5 14. h4 h6 15. h5 Nh8 16. Bb1 f5 17. exf6 Bxf6 18. Qc2 Qa5 19. O-O Bd7 20. Qh7+ Kf7 21. Bd6 Ne7 22. Ne5+ Ke8 {Burke,P-De Souza,C (2018) chess.com INT 2024 1-0}) 8... Ng6 9. Bg3 h5 $146 ({RR} 9... Be7 10. Qe2 b5 11. Bb3 Bb7 12. Rad1 Na5 13. Bc2 h5 14. h3 h4 15. Bh2 Bg5 16. Nd4 Qf6 17. e5 Qe7 18. Qg4 Nc4 19. Ne4 Bxe4 20. Qxe4 Rc8 21. Qb7 Rd8 22. Nf3 Nxb2 23. Rb1 Nc4 24. Qxa6 {Jourde,M (1849)-Pankova,J (1621) St Petersburg 2013 ½-½ (74)}) ({RR} 9... b5 10. Bb3 Be7 11. Nd5 exd5 12. exd5 O-O 13. dxc6 dxc6 14. Qc2 Qb6 15. h4 c5 16. Bd5 Bb7 17. Bxb7 Qxb7 18. h5 Nh8 19. Rfe1 Rad8 20. a4 c4 21. axb5 axb5 22. Qf5 Bf6 23. Be5 Qd5 24. Rad1 {Gareyev,T (2618)-White,S Las Vegas 2016 1-0}) 10. h3 h4 11. Bh2 Qf6 12. Re1 b5 13. Bb3 Bb7 14. Nd5 exd5 15. exd5+ Nce7 16. d6 Nf4 17. dxe7 Bxe7 18. Bxf4 Qxf4 19. Bd5 Rb8 20. Bxb7 Rxb7 21. Qd5 Qc7 22. Rac1 Qb8 23. Qg5 d6 24. Qxg7 Kd7 25. Qxf7 Qf8 26. Qe6+ Kd8 27. Rc8# 1-0

[Event "Titled Tuesday intern op 26th Jan"]
[Site "Chess.com INT"]
[Date "2021.01.26"]
[Round "8"]
[White "Jobava, Baadur"]
[Black "Rakotomaharo, Fy Antenaina"]
[Result "1-0"]
[WhiteElo "2603"]
[BlackElo "2422"]
[PlyCount "86"]
[EventDate "2021.01.26"]
[EventType "swiss (blitz)"]
[EventRounds "11"]
[EventCountry "USA"]
[SourceTitle "CBM 200 Extra"]
[Source "ChessBase"]
[SourceDate "2021.03.31"]
[SourceVersion "1"]
[SourceVersionDate "2021.03.31"]
[SourceQuality "1"]

1. e4 c5 2. d4 cxd4 3. c3 dxc3 4. Nxc3 Nc6 5. Nf3 d6 6. Bc4 a6 7. O-O Nf6 8. h3 e6 9. Qe2 Be7 10. Rd1 Qc7 11. Bf4 Ne5 12. Bb3 O-O ({RR} 12... Nfd7 13. Rac1 Qb8 14. Nd4 O-O 15. Bg3 Nc5 16. Bc2 Ng6 17. f4 e5 18. fxe5 Nxe5 19. Qe3 h6 20. Bf4 Be6 21. Nd5 Bxd5 22. exd5 Re8 23. Bxh6 Bf6 24. Qg3 Ng6 25. Bxg6 fxg6 26. Qxg6 Qa7 27. Kh1 {Xiong,J (2692)-Szpar,M (2428) chess.com INT 2022 1-0 (31)}) 13. Rac1 Qb8 14. g4 $146 ({RR} 14. Nd4 b5 15. Bg3 Bb7 16. f4 Nc4 17. a3 Re8 18. Nf3 g6 19. Kh1 Bf8 20. Bxc4 bxc4 21. Qxc4 d5 22. exd5 Nxd5 23. Nxd5 Bxd5 24. Rxd5 exd5 25. Qxd5 Qb5 26. Qa2 Rac8 27. Rxc8 Rxc8 28. Ne5 Qb7 {Baldursson,H (2100)-Lobron,E (2500) Merida 2002 0-1 (34)}) ({RR} 14. a4 Bd7 15. Bg5 Bc6 16. Nd4 Rc8 17. f4 Ned7 18. Nxe6 fxe6 19. Bxe6+ Kh8 20. Nd5 Bd8 21. b3 b5 22. a5 Bxd5 23. exd5 Rxc1 24. Rxc1 Nc5 25. Bf5 Bxa5 26. Bxf6 gxf6 27. b4 Bxb4 28. Qb2 Qf8 {Porozhnyak,M (1953)-Dighton,S (2237) chess.com INT 2025 0-1 (34)}) 14... b5 15. g5 Nfd7 16. Nd4 Bb7 17. Bg3 Nc5 18. Bc2 Nc4 19. b4 Nd7 20. f4 Bd8 21. Bf2 e5 22. Nf5 exf4 23. h4 Nde5 24. Nd5 Bxd5 25. exd5 Bb6 26. Rd4 f3 27. Qe4 g6 28. Nh6+ Kg7 29. Rf1 f5 30. gxf6+ Rxf6 31. Ng4 Nxg4 32. Qxg4 Ne5 33. Qg5 Qc8 34. Be4 Qh3 35. Bb1 Ng4 36. Qxg4 Qxg4+ 37. Rxg4 Bxf2+ 38. Rxf2 Rc8 39. Be4 Rc3 40. Rg3 Rf4 41. Bxf3 Rxh4 42. Kg2 Rc1 43. Bg4 Rxg4 1-0

[Event "Titled Tuesday intern op 10th Nov"]
[Site "Chess.com INT"]
[Date "2020.11.10"]
[Round "2"]
[White "Jobava, Baadur"]
[Black "Jakubowski, Krzysztof"]
[Result "1-0"]
[WhiteElo "2603"]
[BlackElo "2497"]
[PlyCount "39"]
[EventDate "2020.11.10"]
[EventType "swiss (blitz)"]
[EventRounds "11"]
[EventCountry "USA"]
[SourceTitle "CBM 199 Extra"]
[Source "ChessBase"]
[SourceDate "2021.01.31"]
[SourceVersion "1"]
[SourceVersionDate "2021.01.31"]
[SourceQuality "1"]

1. e4 c5 2. d4 cxd4 3. c3 dxc3 4. Nxc3 Nc6 5. Nf3 e6 6. Bc4 a6 7. O-O d6 8. Re1 ({RR} 8. Bf4 Be7 9. Qe2 g5 10. Be3 b5 11. Bb3 Bd7 12. Nd5 g4 13. Nd4 exd5 14. Nxc6 Bxc6 15. Bd4 f6 16. Qxg4 Kf8 17. Rac1 Bb7 18. Bxd5 Bxd5 19. exd5 Nh6 20. Qh3 Nf7 21. Rc3 b4 22. Re3 Qc8 {Berg,E (2556)-Miezis,N (2546) Vasteras 2013 0-1}) 8... Qc7 $146 ({RR} 8... e5 9. Nd5 Be7 10. b4 Bg4 11. h3 Bh5 12. Qb3 Nf6 13. Nxf6+ Bxf6 14. Bb2 O-O 15. Rad1 b5 16. Bd5 Rc8 17. Rd2 Bxf3 18. Qxf3 Nd4 19. Bxd4 exd4 20. Bb7 Rc3 21. Qf5 Qb6 22. Bd5 Qc7 23. g4 {Lidman,S-Hamilton,D Dos Hermanas 2004 0-1 (40)}) ({RR} 8... b5 9. Bb3 Ra7 10. Be3 Rd7 11. Nd4 Nxd4 12. Bxd4 Nf6 13. f4 Bb7 14. f5 e5 15. Be3 Be7 16. Bg5 O-O 17. Bxf6 Bxf6 18. Bd5 b4 19. Na4 Bxd5 20. Qxd5 Qb8 21. Kh1 Qb5 22. b3 Qxd5 23. exd5 {Kochiev,I (2064)-Vigoa Apecheche,Y (2232) chess.com INT 2024 1-0 (54)}) 9. Bf4 Ne5 10. Bb3 Nf6 11. Rc1 Qb8 12. Na4 Nfd7 13. Nd4 b5 14. Bxe6 bxa4 15. Bd5 Bb7 16. Qxa4 Ra7 17. Bxe5 dxe5 18. Bxf7+ Kd8 19. Nf5 g6 20. Qa5+ 1-0